00769nam a22002057a 4500003000900000005001700009007000300026008004100029040002500070082001300095245010900108260007900217300002000296500005100316590002700367910001400394942001400408952012400422999001700546DO-SdBNP20220720102844.0ta110428s2013 dr 000 0 spa d aDO-SdBNPbspacBNPHU axxxbxxx00aNacionalidad dominicana : by regulación de extranjeros, sentencia 0168/13 del Tribunal Constitucional aSanto Domingo :bJunta Central Electoral,bTribunal Constitucional,c2013. a76 p. ;c28 cm. aIncluye notas y biografías a pie de paginas. aInventariado, 2022/ YL aYLockward 2ddccLBS1 00102ddc51708PDaBNPHUbBNPHUcCTd2021-11-02eWilfredo Almanil0oxxx xxxp2022-3504r2022-07-20w2022-07-20yLBS1 c52199d52199